Fighting to the end : (Record no. 16227)
[ view plain ]
| 000 -LEADER | |
|---|---|
| fixed length control field | 01630cam a2200313 i 4500 |
| 001 - CONTROL NUMBER | |
| control field | 17899165 |
| 005 - DATE AND TIME OF LATEST TRANSACTION | |
| control field | 20170105102935.0 |
| 008 - FIXED-LENGTH DATA ELEMENTS--GENERAL INFORMATION | |
| fixed length control field | 130924s2014 nyuab b 000 0 eng c |
| 010 ## - LIBRARY OF CONGRESS CONTROL NUMBER | |
| LC control number | 2013036644 |
| 020 ## - INTERNATIONAL STANDARD BOOK NUMBER | |
| International Standard Book Number | 9780199401130 (hardback : alkaline paper) |
| 040 ## - CATALOGING SOURCE | |
| Original cataloging agency | ICU/DLC |
| Language of cataloging | eng |
| Transcribing agency | ICU |
| Description conventions | rda |
| Modifying agency | DLC |
| 042 ## - AUTHENTICATION CODE | |
| Authentication code | pcc |
| 043 ## - GEOGRAPHIC AREA CODE | |
| Geographic area code | a-pk--- |
| 050 00 - LIBRARY OF CONGRESS CALL NUMBER | |
| Classification number | UA853.P18 |
| Item number | F35 2014 |
| 082 00 - DEWEY DECIMAL CLASSIFICATION NUMBER | |
| Classification number | 355.03355491 |
| Edition number | 23 |
| Author Mark | FAI 2014 |
| 100 1# - MAIN ENTRY--PERSONAL NAME | |
| Personal name | Fair, C. Christine, |
| Relator term | author. |
| 245 10 - TITLE STATEMENT | |
| Title | Fighting to the end : |
| Remainder of title | the Pakistan Army's way of war / |
| Statement of responsibility, etc. | C. Christine Fair. |
| 300 ## - PHYSICAL DESCRIPTION | |
| Extent | xv, 347 pages : |
| Other physical details | illustrations, maps ; |
| Dimensions | 25 cm |
| 504 ## - BIBLIOGRAPHY, ETC. NOTE | |
| Bibliography, etc. note | Includes bibliographical references(pages 307-332) |
| 505 0# - FORMATTED CONTENTS NOTE | |
| Formatted contents note | Introduction -- Can strategic culture explain the Pakistan Army's persistent revisionism? -- Born an insecure state -- The Army's defense of Pakistan's 'ideological frontiers' -- Pakistan's quest for strategic depth -- India under the Pakistan Army's gaze -- Seeking security through alliances -- Seeking security under a nuclear umbrella -- Jihad under the nuclear umbrella -- Is the past prologue -- The Army's strategic culture and implications for international security. |
| 610 10 - SUBJECT ADDED ENTRY--CORPORATE NAME | |
| Corporate name or jurisdiction name as entry element | Pakistan. |
| Subordinate unit | Army. |
| 650 #0 - SUBJECT ADDED ENTRY--TOPICAL TERM | |
| Topical term or geographic name entry element | National security |
| Geographic subdivision | Pakistan. |
| 650 #0 - SUBJECT ADDED ENTRY--TOPICAL TERM | |
| Topical term or geographic name entry element | Islam and state |
| Geographic subdivision | Pakistan. |
| 651 #0 - SUBJECT ADDED ENTRY--GEOGRAPHIC NAME | |
| Geographic name | Pakistan |
| General subdivision | Military policy. |
| 651 #0 - SUBJECT ADDED ENTRY--GEOGRAPHIC NAME | |
| Geographic name | Pakistan |
| General subdivision | Foreign relations. |
| 906 ## - LOCAL DATA ELEMENT F, LDF (RLIN) | |
| a | 7 |
| b | cbc |
| c | orignew |
| d | 1 |
| e | ecip |
| f | 20 |
| g | y-gencatlg |
| 942 ## - ADDED ENTRY ELEMENTS (KOHA) | |
| Source of classification or shelving scheme | |
| Koha item type | Book |
| Withdrawn status | Lost status | Damaged status | Not for loan | Collection code | Permanent Location | Current Location | Shelving location | Date acquired | Total Checkouts | Full call number | Barcode | Date last seen | Price effective from | Koha item type |
|---|---|---|---|---|---|---|---|---|---|---|---|---|---|---|
| Centre for International Peace & Stability (CIPS) | Centre for International Peace & Stability (CIPS) | General Stacks | 09/30/2015 | 355.03355491 FAI 2014 | CIPS0002683 | 09/30/2015 | 09/30/2015 | Book |
